000 00625nam a2200181Ia 4500
008 100920s9999 xx 000 0 und d
082 _b92626
_a--- न 05
100 _aनाईक गुरुनाथ.
245 _aखतरनाक थ्रि स्टार.
260 _bमनोरमा प्रकाशन, मुंबई.
_c2005
300 _a173
_bसाधी
365 _b175
520 _aकादंबरी.
630 _aखतरनाक थ्रि स्टार.
650 _aकादंबरी.
730 _aखतरनाक थ्रि स्टार.
942 _cBOOK
999 _c733069
_d733066